• 首页
  • 本馆介绍
  • 公告通知
  • 最新文献
  • 馆藏检索
  • 电子资源
  • 读者导购
  • 参考咨询
  • 我的图书馆
  • 登录
  • 详细信息显示
  • 放入我的书架
  • 预约/预借图书
  • 作者相关作品
  • 分类相关作品
  • 丛书相关作品
  • 出版社相关作品

书目信息

  • 表格格式
  • 工作单格式
  • 卡片格式
题名:
匈奴史论文选集
    
 
作者: 林斡 编
分册:  
出版信息: 北京   中华书局  1983
页数: 609页
开本: 21cm
丛书名:
单 册:
中图分类: K289-53
科图分类:
主题词: 匈奴-民族历史--文集 , 民族历史-匈奴--文集
电子资源:
ISBN:
000 00690nam0 2200253 45
001 0183003887
005 20060309104902.59
010    @dCNY2.20
091    @a11018.1088
100    @a19950509d1983 em y0chiy0121 ea
101 0  @achi
102    @aCN@b110000
105    @ay z 000yy
200 10 @a匈奴史论文选集@Axiong nu shi lun wen xuan ji@e1919-1979@f林斡编@Flin wo bian
210    @a北京@c中华书局@d1983
215    @a609页@d21cm
517 1  @a1919-1979
606    @a匈奴-民族历史@x文集
606    @a民族历史-匈奴@x文集
690    @aK289-53@v3
701  0 @a林斡@Alin wo@4编
801  2 @aCN@bNLC@c20060309
801  0 @aCN@b上海图书馆@c20040517
905    @f1@b175140@dK289-53@e22
    
    匈奴史论文选集:1919-1979/林斡编.-北京:中华书局,1983
    609页;21cm
    
    
    ISBN :CNY2.20
    
●
相关链接 在E读中查询图书 在五车中查询图书 在当当中查询图书 在豆瓣中查询图书


正题名:匈奴史论文选集     索取号:K289-53/22         预约/预借

序号 登录号 条形码 馆藏地/架位号 状态 备注
1 0175138   202190770   密集书库/ [索取号:K289-53/22] 在馆    
2 0175139   000356885   第二样本阅览室/ [索取号:K289-53/22] 在馆    
3 0175140   000356876   第二借阅区/ [索取号:K289-53/22] 在馆    
唐山师范学院图书馆 欢迎您!
大连网信软件有限公司© 版权所有